00322nam a2200121Ia 4500008004100000041000800041082001700049100001700066245004500083260004100128300002400169365000700193240624s9999 xx 000 0 und d aeng a658.4093 BLY aBLY ROBERT W a101 WAYS TO MAKE EVERY SECOND COUNT TIME c2004aMumbaibJaico Publishing House a191 : p. : cm. ; 22 cRS